000 00519nam a22001817a 4500
003 0
005 20240522151013.0
008 240522b xxu||||| |||| 00| 0 eng d
020 _a978-148-471-590-1
050 _aER
_bSof681 2016
082 _aER
_bSof681 2016
100 _aAmerikaner, Susan
245 _aSofia the first : clover time
_cSusan Amerikaner
260 _aCalifornia
_bDisney Press
_c2016.
300 _a32 pages :
_bcolored illustrations ;
_c32cm.
650 _aChildrens stories.
942 _2ddc
_cBK
999 _c365981
_d365981